Normal view MARC view
  • Muñoz Mata, Laura

Entry Nombre Personal

Number of records used in: 3

001 - NUMERO DE CONTROL

  • campo de control: 41705

003 - IDENTIFICADOR DE NUMERO DE CONTROL

  • campo de control: DLC

005 - FECHA Y HORA DE LA ÜLTIMA TRANSACCIÓN

  • campo de control: 20230516105918.0

008 - DATOS DE LONGITUD FIJA

  • campo de control de longitud fija: 230516n| azannaabn |a aaa

010 ## - NÚMERO DE CONTROL DE LA BIBLIOTECA DEL CONGRESO

  • Número de control LC: n 2001104748
  • Número de Control LC Cancelado/inválido: no 99033747

035 ## - NUMERO DE CONTROL

  • Número de control: (OCoLC)oca05466398

035 ## - NUMERO DE CONTROL

  • Número de control: (CaEvSKY)skya6065945

040 ## - FUENTE DE CATALOGACIÓN

  • Agencia original de catalogación: DLC
  • Lenguaje de catalogación: spa
  • Description conventions: rda
  • Agencia de transcripción: DLC
  • Agencia que lo modifica: NcD
  • Agencia que lo modifica: DLC
  • Agencia que lo modifica: MX-MxCID
  • Agencia que lo modifica: MX-MxUPN

100 1# - ENCABEZAMIENTO - NOMBRE PERSONAL

  • Nombre personal: Muñoz Mata, Laura

372 ## - CAMPO DE ACTIVIDAD

  • Field of activity: América Latina
  • Field of activity: México--Relaciones--Área del Caribe
  • Field of activity: Área del Caribe--Relaciones--México
  • Fuente del término: lcsh

373 ## - GRUPO ASOCIADO

  • Associated group: Universidad Nacional Autónoma de México. Facultad de Ciencias Políticas y Sociales
  • Associated group: Instituto de Investigaciones Dr. José María Luis Mora
  • Fuente del término: naf

373 ## - GRUPO ASOCIADO

  • Associated group: Universidad Nacional Autónoma de México. Facultad de Filosofía y Letras

374 ## - OCUPACIÓN

  • Occupation: Investigadora
  • Occupation: Profesora universitaria

375 ## - GÉNERO

  • Gender: femenino

377 ## - LENGUA ASOCIADA

  • Language code: spa

400 1# - VEÁSE - NOMBRE DE PERSONA

  • Personal name: Mata, Laura Muñoz

400 1# - VEÁSE - NOMBRE DE PERSONA

  • Personal name: Muñoz, Laura

400 1# - VEÁSE - NOMBRE DE PERSONA

  • Personal name: Muñoz M., Laura
  • Fuller form of name: (Muñoz Mata)

670 ## - FUENTE EN LA QUE SE LOCALIZARON DATOS

  • Cita de la fuente: El Caribe, 2000-:
  • Información localizada: portada (Laura Muñoz Mata) página 433 (doctora en estudios latinoamericanos por la Facultad de Ciencias Políticas y Sociales de la UNAM)

670 ## - FUENTE EN LA QUE SE LOCALIZARON DATOS

  • Cita de la fuente: Geopolítica, seguridad nacional y política exterior, 2001:
  • Información localizada: portada (Laura Muñoz)

670 ## - FUENTE EN LA QUE SE LOCALIZARON DATOS

  • Cita de la fuente: Mexico y Cuba, 1998:
  • Información localizada: portada (Laura Muñoz M.)

670 ## - FUENTE EN LA QUE SE LOCALIZARON DATOS

  • Cita de la fuente: Fotografía imperial, escenarios tropicales :las representaciones del Caribe en la Revista National Geographic, 2014:
  • Información localizada: portada (Laura Muñoz) solapa (Laura Muñoz; Doctora en Estudios Latinoamericanos por la UNAM; profesora-investigadora en el Instituto Mora y docente en el posgrado de Estudios Latinoamericanos de la UNAM, adscrita a la Facultad de Filosofía y Letras; ha escrito numerosos artículos sobre el Caribe y sus vínculos con México)

902 ## - CATALOGADOR

  • Catalogador: NDAF/160523